Akatsuki Affiliations - Statistics

General Stats
  • This quiz has been taken 16 times
  • The average score is 14 of 16
Answer Stats
Akatsuki Village % Correct
Itachi Uchiha Leaf
100%
Tobi/Obito Leaf
100%
Sasuke Uchiha Leaf
100%
Nagato/Pain Rain
100%
Konan Rain
100%
Yahiko Rain
100%
Sasori Sand
100%
Orochimaru Sound
91%
Jugo Sound
91%
Kisame Hoshikagi Mist
82%
Juzo Biwa Mist
82%
Suigetsu Hozuki Mist
82%
Deidara Stone
82%
Kakuzu Waterfall
73%
Karin Grass
55%
Hidan Hot springs
18%
No matching quizzes found
Score Distribution
Percent of People with Each Score
Percentile by Number Answered
Your Score History
You have not taken this quiz